Lectures on the Arthur-Selberg trace formula /

Guardado en:
Autor Principal: Gelbart, Stephen S., 1946-
Formato: Libro
Idioma:English
Publicado: Providence, R.I. : American Mathematical Society, c1996.
Series:University lecture series (Providence, R.I.) ; 9.
Etiquetas: Agregar Etiqueta
Sin Etiquetas, Sea el primero en etiquetar este registro!
LEADER 00725nam a22001935a 4500
001 MAT.inmabb000061
008 960612s1996####riua#####b####000#0#eng##
005 20130315003134.0
245 1 0 |a Lectures on the Arthur-Selberg trace formula /  |c Stephen Gelbart. 
260 |a Providence, R.I. :  |b American Mathematical Society,  |c c1996. 
300 |a ix, 99 p. ;  |c 26 cm. 
490 1 |a University lecture series,  |x 1047-3998 ;  |v v. 9 
504 |a Includes bibliographical references (p. 97-99). 
510 4 |a MR,  |c 98d:22017 
020 |a 0821805711 
100 1 |a Gelbart, Stephen S.,  |d 1946- 
830 0 |a University lecture series (Providence, R.I.) ;  |v 9. 
084 |a 22E55 (11F70 11F72 22E50)  |2 msc2000 
859 |h 22  |i G314  |p A-7757  |b BIB. MATEMATICA